[Event "Charlotte Carolinas op"]
[Site "Charlotte"]
[Date "2024.06.09"]
[Round "5"]
[White "Becerra Rivero, Julio"]
[Black "Erenburg, Sergey"]
[Result "1/2-1/2"]
[WhiteElo "2412"]
[BlackElo "2524"]
[PlyCount "42"]
[EventDate "2024.06.07"]
[EventType "swiss"]
[EventRounds "5"]
[EventCountry "USA"]
[SourceTitle "CBM 220 Extra"]
[Source "ChessBase"]
[SourceDate "2024.07.31"]
[SourceVersion "1"]
[SourceVersionDate "2024.07.31"]
[SourceQuality "1"]

1. e4 c6 2. d4 d5 3. Nc3 dxe4 4. Nxe4 Bf5 5. Ng3 Bg6 6. h4 h6 7. Nf3 Nd7 8. h5 Bh7 9. Bd3 Bxd3 10. Qxd3 e6 11. Bd2 Ngf6 12. 0-0-0 Be7 13. Kb1 Qb6 14. Ne4 Rd8 15. c4 c5 16. Bc3 0-0 17. Qe2 Nxe4 18. Qxe4 Nf6 19. Qe2 cxd4 20. Bxd4 Bc5 21. Bxc5 Qxc5 1/2-1/2

[Event "Charlotte Carolinas op"]
[Site "Charlotte"]
[Date "2024.06.09"]
[Round "4"]
[White "Le, Tuan Minh"]
[Black "Becerra Rivero, Julio"]
[Result "1/2-1/2"]
[WhiteElo "2567"]
[BlackElo "2412"]
[PlyCount "67"]
[EventDate "2024.06.07"]
[EventType "swiss"]
[EventRounds "5"]
[EventCountry "USA"]
[SourceTitle "CBM 220 Extra"]
[Source "ChessBase"]
[SourceDate "2024.07.31"]
[SourceVersion "1"]
[SourceVersionDate "2024.07.31"]
[SourceQuality "1"]

1. d4 Nf6 2. Nf3 g6 3. Nbd2 Bg7 4. e4 d6 5. Bb5+ c6 6. Bd3 0-0 7. 0-0 Nbd7 8. Re1 e5 9. c3 Re8 10. h3 Qc7 11. a4 b6 12. Nf1 Bb7 13. Ng3 a6 14. Bg5 c5 15. dxe5 dxe5 16. Bc4 Nf8 17. Bxf6 Bxf6 18. Nf1 Ne6 19. Ne3 Nf4 20. Qc2 Kg7 21. Kh2 Rad8 22. g3 Ne6 23. h4 h5 24. Nd5 Bxd5 25. exd5 Nf8 26. Re4 Re7 27. Bxa6 Rxd5 28. Rae1 Kh8 29. Qe2 Nd7 30. Re3 Bg7 31. Bc4 Rd6 32. Ng5 f5 33. Rd1 e4 34. Red3 1/2-1/2

[Event "Fort Lauderdale Turkey Bowl 21st"]
[Site "Fort Lauderdale"]
[Date "2023.11.12"]
[Round "4"]
[White "Gao, Marvin"]
[Black "Becerra Rivero, Julio"]
[Result "1/2-1/2"]
[WhiteElo "2124"]
[BlackElo "2432"]
[PlyCount "136"]
[EventDate "2023.11.10"]
[EventType "swiss"]
[EventRounds "5"]
[EventCountry "USA"]
[SourceTitle "CBM 217 Extra"]
[Source "ChessBase"]
[SourceDate "2024.01.31"]
[SourceVersion "1"]
[SourceVersionDate "2024.01.31"]
[SourceQuality "1"]

1. e4 c6 2. Nf3 d5 3. Nc3 Bg4 4. Be2 dxe4 5. Nxe4 Nf6 6. h3 Bxf3 7. Bxf3 Nbd7 8. 0-0 e6 9. d4 Nxe4 10. Bxe4 Nf6 11. Bf3 Bd6 12. c4 0-0 13. Rb1 Qc7 14. Bg5 Be7 15. Bxf6 Bxf6 16. d5 Rfd8 17. Qb3 exd5 18. cxd5 c5 19. Qc4 Rab8 20. b4 Be7 21. bxc5 Bxc5 22. Qd3 b6 23. Be4 g6 24. g3 Re8 25. Kg2 Re7 26. Bf3 Rbe8 27. Rb2 Qd6 28. Qb5 Qf6 29. Rd2 Rd8 30. Re2 Rxe2 31. Qxe2 Kg7 32. Qa6 Rd7 33. Qe2 Re7 34. Qd2 h5 35. h4 Bd6 36. Rc1 Bc5 37. Rc4 Re5 38. Qc3 Rf5 39. Qxf6+ Kxf6 40. Rc2 Re5 41. Re2 Rxe2 42. Bxe2 Ke5 43. Bc4 Bd6 44. f4+ Kd4 45. Bb5 Kxd5 46. Be8 Ke6 47. a4 a6 48. Kf3 Bb4 49. Bc6 Be1 50. Be8 Kf6 51. Bd7 Kg7 52. Be8 Kg8 53. Bc6 Kf8 54. Bd7 Ke7 55. Bc6 f5 56. Kg2 Bc3 57. Kf3 Bd4 58. Kg2 b5 59. axb5 a5 60. b6 Bxb6 61. Kf3 Bc5 62. Bb5 Bb4 63. Ke2 Bc3 64. Ba4 Ke6 65. Be8 Kf6 66. Ba4 Ke7 67. Bb5 Bd4 68. Ba4 Kf6 1/2-1/2

[Event "Fort Lauderdale 1000 GM IM 11"]
[Site "Fort Lauderdale"]
[Date "2023.11.06"]
[Round "9.3"]
[White "Becerra Rivero, Julio"]
[Black "Escobar Forero, Alder"]
[Result "1/2-1/2"]
[WhiteElo "2432"]
[BlackElo "2450"]
[PlyCount "21"]
[EventDate "2023.11.02"]
[EventType "tourn"]
[EventRounds "9"]
[EventCountry "USA"]
[SourceTitle "CBM 217 Extra"]
[Source "ChessBase"]
[SourceDate "2024.01.31"]
[SourceVersion "1"]
[SourceVersionDate "2024.01.31"]
[SourceQuality "1"]

1. Nf3 Nf6 2. g3 g6 3. Bg2 Bg7 4. 0-0 0-0 5. c4 c5 6. Nc3 Nc6 7. d4 cxd4 8. Nxd4 a6 9. h3 Qc7 10. Nxc6 bxc6 11. Qc2 1/2-1/2

[Event "Fort Lauderdale 1000 GM IM 11"]
[Site "Fort Lauderdale"]
[Date "2023.11.02"]
[Round "1"]
[White "Aadit, Bhatia"]
[Black "Becerra Rivero, Julio"]
[Result "1-0"]
[WhiteElo "2080"]
[BlackElo "2432"]
[PlyCount "95"]
[EventDate "2023.11.02"]
[EventType "tourn"]
[EventRounds "9"]
[EventCountry "USA"]
[SourceTitle "CBM 217 Extra"]
[Source "ChessBase"]
[SourceDate "2024.01.31"]
[SourceVersion "1"]
[SourceVersionDate "2024.01.31"]
[SourceQuality "1"]

1. d4 Nf6 2. c4 g6 3. Nf3 Bg7 4. g3 0-0 5. Bg2 d6 6. Nc3 Nbd7 7. 0-0 e5 8. e4 c6 9. h3 a6 10. Re1 Re8 11. Be3 exd4 12. Nxd4 Ne5 13. b3 c5 14. Nc2 Rb8 15. f4 Nc6 16. Qd2 Qa5 17. a3 Be6 18. g4 Bxg4 19. hxg4 Nxg4 20. b4 cxb4 21. axb4 Qh5 22. Ra3 Qh2+ 23. Kf1 Nxe3+ 24. Qxe3 Rbc8 25. Qf3 f5 26. Nd5 Ne7 27. Nxe7+ Rxe7 28. exf5 Rf7 29. Re4 d5 30. Re2 Rxc4 31. Rf2 Qh4 32. Qxd5 b5 33. Qa8+ Rf8 34. Qxa6 Rxf4 35. Raf3 Rxf3 36. Qe6+ Kh8 37. Rxf3 gxf5 38. Ne3 Ra8 39. Nc2 Rd8 40. Qxf5 Qc4+ 41. Kg1 h6 42. Rg3 Qc7 43. Qg6 Rd1+ 44. Kh2 Rd2 45. Qe8+ Kh7 46. Qg6+ Kh8 47. Ne3 Rd8 48. Be4 1-0

[Event "Merida World Heritage op 3rd"]
[Site "Merida"]
[Date "2023.08.04"]
[Round "7"]
[White "Becerra Rivero, Julio"]
[Black "Lopez Mijail, Nicolas"]
[Result "0-1"]
[WhiteElo "2388"]
[BlackElo "2128"]
[PlyCount "130"]
[EventDate "2023.07.31"]
[EventType "swiss"]
[EventRounds "9"]
[EventCountry "ESP"]
[SourceTitle "CBM 215 Extra"]
[Source "ChessBase"]
[SourceDate "2023.09.30"]
[SourceVersion "1"]
[SourceVersionDate "2023.09.30"]
[SourceQuality "1"]

1. d4 Nf6 2. c4 e6 3. Nc3 Bb4 4. a3 Bxc3+ 5. bxc3 c5 6. f3 b6 7. e4 d6 8. Bd3 Nc6 9. Ne2 e5 10. d5 Na5 11. g4 Ba6 12. Ng3 g6 13. h4 Nd7 14. Qa4 Qe7 15. Bh6 0-0-0 16. Nf1 Kc7 17. Rb1 Rb8 18. Ne3 Rhe8 19. Rb2 Nf6 20. Bg5 h6 21. Bxh6 Ng8 22. Bg5 f6 23. h5 fxg5 24. hxg6 Qf6 25. Nf5 Qxg6 26. Rbh2 Rf8 27. Rh7+ Rf7 28. Rh8 Bc8 29. Qe8 Bd7 30. Qxb8+ Kxb8 31. R1h6 Qxh6 32. Nxh6 Rxf3 33. Rxg8+ Kc7 34. Be2 Rh3 35. Nf5 Rxc3 36. Rxg5 Nxc4 37. Rg8 Na5 38. Rg5 Nc4 39. Rg7 b5 40. g5 b4 41. axb4 cxb4 42. g6 b3 43. Rxd7+ Kxd7 44. g7 b2 45. g8Q b1Q+ 46. Kf2 Qxe4 47. Qh7+ Kd8 48. Qe7+ Kc8 49. Qe8+ Kc7 50. Qc6+ Kb8 51. Qe8+ Kc7 52. Qc6+ Kb8 53. Qe8+ Kc7 54. Qe7+ Kb6 55. Qd8+ Kc5 56. Qc7+ Kb4 57. Qb8+ Ka3 58. Qxa7+ Kb2 59. Qb8+ Rb3 60. Qc8 Qf4+ 61. Ke1 Qc1+ 62. Kf2 Qf4+ 63. Ke1 Kc3 64. Ne3 Rb1+ 65. Nd1+ Rxd1+ 0-1

[Event "Julius Baer Play In"]
[Site "Chess.com INT"]
[Date "2023.07.24"]
[Round "9.54"]
[White "Becerra Rivero, Julio"]
[Black "Vetoshko, Volodymyr"]
[Result "1/2-1/2"]
[WhiteElo "2447"]
[BlackElo "2502"]
[PlyCount "148"]
[EventDate "2023.07.24"]
[EventType "swiss (rapid)"]
[EventRounds "9"]
[EventCountry "GER"]
[SourceTitle "CBM 215 Extra"]
[Source "ChessBase"]
[SourceDate "2023.09.30"]
[SourceVersion "1"]
[SourceVersionDate "2023.09.30"]
[SourceQuality "1"]

1. e4 c6 2. d4 d5 3. e5 c5 4. Nf3 Nc6 5. dxc5 e6 6. a3 Bxc5 7. b4 Bb6 8. Bb2 Nge7 9. Bd3 Ng6 10. g3 0-0 11. Nbd2 f6 12. exf6 gxf6 13. c4 Nce5 14. Be2 d4 15. Nxe5 Nxe5 16. Nf3 d3 17. Nxe5 dxe2 18. Qxd8 Rxd8 19. Ng4 e5 20. h3 Bxg4 21. hxg4 Bd4 22. Bxd4 Rxd4 23. Kxe2 Rxc4 24. Rh4 Rd8 25. Rah1 Rc2+ 26. Ke3 Rd7 27. Rh6 Rf7 28. Rd1 Rc3+ 29. Rd3 Rxd3+ 30. Kxd3 Kg7 31. Rh1 Rd7+ 32. Ke3 Rc7 33. Rd1 Kg6 34. Rd3 b6 35. f3 Rc1 36. Ke4 Rc4+ 37. Kd5 Rc1 38. f4 exf4 39. gxf4 f5 40. gxf5+ Kxf5 41. Rh3 Rc7 42. Rh4 Rd7+ 43. Kc6 Rf7 44. a4 Ke4 45. Kb5 Kd5 46. Rh5+ Kd6 47. f5 Kd5 48. a5 bxa5 49. bxa5 Kd6 50. Ka6 Kc6 51. Rh6+ Kc5 52. Re6 Rxf5 53. Kxa7 Kb5 54. a6 Rf7+ 55. Kb8 Rf8+ 56. Kc7 Rf7+ 57. Kd8 Ra7 58. Rf6 Rxa6 59. Rf5+ Kc4 60. Ke7 Kd4 61. Kf7 Ke4 62. Rh5 h6 63. Kg7 Kf4 64. Rxh6 Ra7+ 65. Kg8 Kg5 66. Rc6 Kf5 67. Kf8 Ke5 68. Ke8 Kd5 69. Rb6 Kc5 70. Rg6 Ra8+ 71. Kd7 Ra7+ 72. Kc8 Ra5 73. Rg5+ Kb4 74. Rxa5 Kxa5 1/2-1/2

[Event "Charlotte Summer op"]
[Site "Charlotte"]
[Date "2023.07.15"]
[Round "2"]
[White "Chirilov, James A"]
[Black "Becerra Rivero, Julio"]
[Result "0-1"]
[WhiteElo "2117"]
[BlackElo "2447"]
[PlyCount "92"]
[EventDate "2023.07.14"]
[EventType "swiss"]
[EventRounds "5"]
[EventCountry "USA"]
[SourceTitle "CBM 215 Extra"]
[Source "ChessBase"]
[SourceDate "2023.09.30"]
[SourceVersion "1"]
[SourceVersionDate "2023.09.30"]
[SourceQuality "1"]

1. e4 e5 2. Nf3 Nc6 3. Bc4 Nf6 4. d3 Be7 5. 0-0 0-0 6. Nc3 d6 7. a4 Be6 8. Bxe6 fxe6 9. d4 exd4 10. Nxd4 Qd7 11. Bg5 h6 12. Be3 Nxd4 13. Bxd4 c5 14. Be3 Qc6 15. Qf3 d5 16. e5 Ne8 17. Qg4 d4 18. Bxh6 dxc3 19. bxc3 Rf7 20. c4 Rd8 21. Be3 Rf5 22. f4 Qe4 23. Rae1 Rxe5 24. Bf2 Qf5 25. Qxf5 Rxf5 26. Re3 e5 27. Rxe5 Rd7 28. Re6 Kf7 29. g3 Rf6 30. Rfe1 b6 31. R6e5 Nd6 32. Rd5 Rc7 33. Red1 Nxc4 34. Kg2 Nb2 35. f5 Rd6 36. Ra1 b5 37. Rxd6 Bxd6 38. a5 Be5 39. Rb1 b4 40. a6 Bf6 41. Re1 Rc6 42. g4 Rc7 43. Re6 Bd4 44. h4 Re7 45. Bg3 Nc4 46. Rc6 Ne3+ 0-1

[Event "Charlotte Super op"]
[Site "Charlotte"]
[Date "2023.07.13"]
[Round "8"]
[White "Becerra Rivero, Julio"]
[Black "Sinha, Sahil"]
[Result "1/2-1/2"]
[WhiteElo "2447"]
[BlackElo "2327"]
[PlyCount "82"]
[EventDate "2023.07.09"]
[EventType "swiss"]
[EventRounds "9"]
[EventCountry "USA"]
[SourceTitle "CBM 215 Extra"]
[Source "ChessBase"]
[SourceDate "2023.09.30"]
[SourceVersion "1"]
[SourceVersionDate "2023.09.30"]
[SourceQuality "1"]

1. e4 c5 2. Nf3 d6 3. c3 Nf6 4. Be2 Nc6 5. d4 cxd4 6. cxd4 d5 7. e5 Ne4 8. 0-0 Bg4 9. Kh1 e6 10. Ng1 Bxe2 11. Nxe2 f6 12. f3 Ng5 13. Nbc3 fxe5 14. f4 exd4 15. Nxd4 Nxd4 16. Qxd4 Ne4 17. Nxe4 dxe4 18. Qxe4 Qd5 19. Qxd5 exd5 20. Be3 Be7 21. Rfd1 Bf6 22. Rxd5 0-0 23. Rd2 Rfe8 24. Bf2 Re4 25. g3 a5 26. Rc1 g5 27. Rc7 gxf4 28. Rxb7 Rb4 29. Rxb4 axb4 30. b3 Bc3 31. Rc2 fxg3 32. Bxg3 Kf7 33. Re2 Kf6 34. Kg2 Kf5 35. Kf3 Rd8 36. Rf2 Re8 37. Kg2+ Kg4 38. Rf4+ Kg5 39. Kf3 Ra8 40. Rg4+ Kf5 41. Rf4+ Kg5 1/2-1/2

[Event "Charlotte Super op"]
[Site "Charlotte"]
[Date "2023.07.12"]
[Round "7"]
[White "Putnam, Liam H"]
[Black "Becerra Rivero, Julio"]
[Result "1/2-1/2"]
[WhiteElo "2293"]
[BlackElo "2447"]
[PlyCount "108"]
[EventDate "2023.07.09"]
[EventType "swiss"]
[EventRounds "9"]
[EventCountry "USA"]
[SourceTitle "CBM 215 Extra"]
[Source "ChessBase"]
[SourceDate "2023.09.30"]
[SourceVersion "1"]
[SourceVersionDate "2023.09.30"]
[SourceQuality "1"]

1. d4 d6 2. e4 Nf6 3. Nc3 e5 4. Nf3 exd4 5. Nxd4 Be7 6. Bc4 0-0 7. 0-0 Nc6 8. Re1 Bg4 9. f3 Bd7 10. Be3 Re8 11. Qd2 Bf8 12. Rad1 a6 13. a3 Ne5 14. Ba2 b5 15. Bg5 h6 16. Bh4 c6 17. Kh1 Ng6 18. Bf2 a5 19. Nce2 Qc7 20. Ng3 Rad8 21. Qc3 Rc8 22. Ndf5 Ne5 23. Qd4 c5 24. Qd2 Be6 25. Bxe6 fxe6 26. Ne3 c4 27. f4 c3 28. bxc3 Nc4 29. Nxc4 Qxc4 30. Bb6 a4 31. Ba5 d5 32. e5 Ne4 33. Nxe4 dxe4 34. Bb4 Bxb4 35. cxb4 Qxc2 36. Qxc2 Rxc2 37. Rxe4 Rc3 38. Ra1 Rd8 39. h4 Rdd3 40. Rf1 Kf7 41. f5 Rxa3 42. f6 g6 43. Rc1 Rac3 44. Rxc3 Rxc3 45. Rd4 Rc7 46. Rd8 Ra7 47. Rh8 Ra6 48. Rb8 Ra7 49. Rh8 Ra6 50. Rb8 a3 51. Rb7+ Kf8 52. Rb8+ Kf7 53. Rb7+ Ke8 54. Rb8+ Kf7 1/2-1/2

[Event "Titled Tuesday intern op 21st Feb Late"]
[Site "Chess.com INT"]
[Date "2023.02.21"]
[Round "1"]
[White "Becerra Rivero, Julio"]
[Black "Perez Ponsa, Federico"]
[Result "0-1"]
[WhiteElo "2383"]
[BlackElo "2532"]
[PlyCount "70"]
[EventDate "2023.02.21"]
[EventType "swiss (blitz)"]
[EventRounds "11"]
[EventCountry "USA"]
[SourceTitle "CBM 212 Extra"]
[Source "ChessBase"]
[SourceDate "2023.03.31"]
[SourceVersion "1"]
[SourceVersionDate "2023.03.31"]
[SourceQuality "1"]

1. d4 Nf6 2. c4 g6 3. Nc3 Bg7 4. e4 d6 5. Nf3 0-0 6. Be2 e5 7. d5 a5 8. Bg5 h6 9. Be3 Ng4 10. Bd2 f5 11. h3 Nf6 12. exf5 gxf5 13. Qc1 f4 14. g3 e4 15. Nd4 Ne8 16. Ne6 Bxe6 17. dxe6 e3 18. fxe3 f3 19. Bd3 Nc6 20. a3 Ne5 21. Qc2 f2+ 22. Ke2 Qf6 23. Be4 c6 24. Raf1 Qxe6 25. b3 Nf6 26. Bf5 Qe7 27. Rxf2 d5 28. c5 d4 29. Na4 Nd5 30. Qe4 dxe3 31. Bxe3 Rae8 32. Bh7+ Kh8 33. Rxf8+ Qxf8 34. Rf1 Nf6 35. Qg6 Nxg6 0-1

[Event "Titled Tuesday intern op 21st Feb Late"]
[Site "Chess.com INT"]
[Date "2023.02.21"]
[Round "4"]
[White "Becerra Rivero, Julio"]
[Black "Ward, Ieuan C"]
[Result "1-0"]
[WhiteElo "2383"]
[BlackElo "2028"]
[PlyCount "65"]
[EventDate "2023.02.21"]
[EventType "swiss (blitz)"]
[EventRounds "11"]
[EventCountry "USA"]
[SourceTitle "CBM 212 Extra"]
[Source "ChessBase"]
[SourceDate "2023.03.31"]
[SourceVersion "1"]
[SourceVersionDate "2023.03.31"]
[SourceQuality "1"]

1. d4 Nf6 2. c4 e6 3. Nc3 Bb4 4. a3 Bxc3+ 5. bxc3 d5 6. cxd5 exd5 7. Bg5 0-0 8. e3 Bf5 9. Bd3 Bxd3 10. Qxd3 Nbd7 11. Ne2 h6 12. Bh4 c6 13. 0-0 b5 14. f3 Qe7 15. Ng3 Qe6 16. Nf5 Rfe8 17. Rae1 c5 18. e4 dxe4 19. fxe4 Nxe4 20. Ne7+ Rxe7 21. Bxe7 Qxe7 22. Rxe4 Qd6 23. Qf3 Rf8 24. Rg4 cxd4 25. cxd4 Nb6 26. Qf5 a6 27. Qf6 Qxf6 28. Rxf6 Rb8 29. Rxh6 a5 30. Rh3 b4 31. axb4 axb4 32. Rb3 Nc4 33. d5 1-0

[Event "Titled Tuesday intern op 07th Feb Late"]
[Site "Chess.com INT"]
[Date "2023.02.07"]
[Round "10"]
[White "Cardoso Cardoso, Jose Gabriel"]
[Black "Becerra Rivero, Julio"]
[Result "1-0"]
[WhiteElo "2498"]
[BlackElo "2383"]
[PlyCount "123"]
[EventDate "2023.02.07"]
[EventType "swiss (blitz)"]
[EventRounds "11"]
[EventCountry "USA"]
[SourceTitle "EXT 2024"]
[Source "ChessBase"]
[SourceDate "2023.10.10"]
[SourceVersion "1"]
[SourceVersionDate "2023.10.10"]
[SourceQuality "1"]

1. c4 e5 2. g3 Nf6 3. Bg2 c6 4. Nf3 d6 5. Nc3 Be7 6. d4 Nbd7 7. 0-0 0-0 8. e4 Re8 9. Re1 Bf8 10. h3 a5 11. Be3 Qc7 12. Qc2 g6 13. Rad1 Bg7 14. Qd2 a4 15. dxe5 Nxe5 16. Nxe5 dxe5 17. Qc2 Qa5 18. Bd2 Qa6 19. Bf1 Be6 20. Nd5 Rac8 21. Nxf6+ Bxf6 22. Be3 c5 23. Rd2 Qc6 24. Red1 Red8 25. Kh2 Rxd2 26. Rxd2 Rd8 27. Rxd8+ Bxd8 28. Qd3 Be7 29. h4 h5 30. Bh3 Bxh3 31. Kxh3 Qe6+ 32. Kg2 Qd6 33. Qxd6 Bxd6 34. f4 exf4 35. gxf4 Kf8 36. Kf3 f5 37. e5 Be7 38. Bf2 Ke8 39. Ke2 Kd7 40. Kd3 Kc6 41. Kc3 b5 42. cxb5+ Kxb5 43. b3 axb3 44. Kxb3 Bd8 45. a4+ Kc6 46. Kc4 Be7 47. a5 Bd8 48. a6 Be7 49. a7 Kb7 50. Bxc5 Bxh4 51. e6 Bf6 52. e7 Bxe7 53. Bxe7 Kxa7 54. Kd5 Kb7 55. Ke6 Kc6 56. Kf7 Kd5 57. Kxg6 Ke4 58. Kg5 h4 59. Bc5 h3 60. Bg1 Kf3 61. Kxf5 Kg2 62. Kg4 1-0